<?xml version="1.0" encoding="UTF-8"?>
<record
    xmlns:xsi="http://www.w3.org/2001/XMLSchema-instance"
    xsi:schemaLocation="http://www.loc.gov/MARC21/slim http://www.loc.gov/standards/marcxml/schema/MARC21slim.xsd"
    xmlns="http://www.loc.gov/MARC21/slim">

  <leader>02418cam a2200325 a 4500</leader>
  <controlfield tag="001">11863145</controlfield>
  <controlfield tag="003">OSt</controlfield>
  <controlfield tag="005">20211220153951.0</controlfield>
  <controlfield tag="008">991208s2000    txua     b    001 0 eng  </controlfield>
  <datafield tag="020" ind1=" " ind2=" ">
    <subfield code="a">9781133191421</subfield>
  </datafield>
  <datafield tag="022" ind1=" " ind2=" ">
    <subfield code="2">1133191428</subfield>
  </datafield>
  <datafield tag="040" ind1=" " ind2=" ">
    <subfield code="a">DLC</subfield>
    <subfield code="c">DLC</subfield>
    <subfield code="d">DLC</subfield>
  </datafield>
  <datafield tag="050" ind1="0" ind2="0">
    <subfield code="a">HF5415.123.S54 </subfield>
  </datafield>
  <datafield tag="100" ind1="1" ind2=" ">
    <subfield code="a">Shimp, Terence A.</subfield>
  </datafield>
  <datafield tag="245" ind1="1" ind2="0">
    <subfield code="a">Advertising, promotion &amp; other aspects of integrated marketing communications. /</subfield>
    <subfield code="c">Terence A. Shimp, J. Craig Andrews</subfield>
  </datafield>
  <datafield tag="246" ind1="3" ind2=" ">
    <subfield code="a">Advertising, promotion, and other aspects of integrated marketing communications.</subfield>
  </datafield>
  <datafield tag="246" ind1="3" ind2="0">
    <subfield code="a">Advertising promotion</subfield>
  </datafield>
  <datafield tag="250" ind1=" " ind2=" ">
    <subfield code="a">9th ed.</subfield>
    <subfield code="b">(International edition)</subfield>
  </datafield>
  <datafield tag="260" ind1=" " ind2=" ">
    <subfield code="a">London:</subfield>
    <subfield code="b">South-Western,</subfield>
    <subfield code="c">2013..</subfield>
  </datafield>
  <datafield tag="300" ind1=" " ind2=" ">
    <subfield code="a">xxii, 729 p. :</subfield>
    <subfield code="b">ill. (some col.) ;</subfield>
    <subfield code="c">29 cm.</subfield>
  </datafield>
  <datafield tag="504" ind1=" " ind2=" ">
    <subfield code="a">Includes glossary and index.</subfield>
  </datafield>
  <datafield tag="505" ind1=" " ind2=" ">
    <subfield code="a">Contents: 1. The practice and environment of integrated marketing communications (IMC):An overview of integrated marketing communications -- Enhancing brand equity and accountability -- Brand adoption, brand naming, and intellectual, property issues -- Environmental, regulatory, and ethical issues -- 2. Fundamental IMC planning background and decision: Segmentation, targeting, and positioning -- The communications process and consumer behavior -- The role of persuasion in integrated marketing communications -- Objective setting and budgeting -- 3. Advertising management and new media choices: Overview of advertising management -- Effective and creative Ad messages -- Endorsers and messages appeals in advertising -- Traditional advertising media -- Online and mobile advertising -- Social media -- Direct marketing and other media -- Advertising media: planning and analysis -- Measuring Ad message effectiveness -- 4. Sales promotion management: Sales promotion overview and the role of trade promotion -- Consumer sales promotion: sampling and couponing -- Consumer sales promotion: premiums and other promotions -- 5. Other IMC tools: Public relations, word-of-mouthy influence, and sponsorships -- Packaging, point-of-purchase communications, and signage -- personal selling --</subfield>
  </datafield>
  <datafield tag="650" ind1=" " ind2="0">
    <subfield code="a">Communication in marketing.</subfield>
  </datafield>
  <datafield tag="650" ind1=" " ind2="0">
    <subfield code="a">Sales promotion.</subfield>
  </datafield>
  <datafield tag="650" ind1=" " ind2="0">
    <subfield code="a">Advertising.</subfield>
  </datafield>
  <datafield tag="700" ind1=" " ind2=" ">
    <subfield code="q">Andrews, J. Craig</subfield>
  </datafield>
  <datafield tag="906" ind1=" " ind2=" ">
    <subfield code="a">7</subfield>
    <subfield code="b">cbc</subfield>
    <subfield code="c">origcop</subfield>
    <subfield code="d">3</subfield>
    <subfield code="e">ncip</subfield>
    <subfield code="f">19</subfield>
    <subfield code="g">y-gencatlg</subfield>
  </datafield>
  <datafield tag="942" ind1=" " ind2=" ">
    <subfield code="2">lcc</subfield>
    <subfield code="c">BK</subfield>
  </datafield>
  <datafield tag="999" ind1=" " ind2=" ">
    <subfield code="c">8343</subfield>
    <subfield code="d">15843</subfield>
  </datafield>
  <datafield tag="952" ind1=" " ind2=" ">
    <subfield code="0">0</subfield>
    <subfield code="1">0</subfield>
    <subfield code="2">lcc</subfield>
    <subfield code="4">0</subfield>
    <subfield code="7">0</subfield>
    <subfield code="a">WIUC-KL</subfield>
    <subfield code="b">WIUC-KL</subfield>
    <subfield code="c">GEN</subfield>
    <subfield code="d">2019-11-07</subfield>
    <subfield code="o">HF5415.123.S54(9e)</subfield>
    <subfield code="p">K/1482/1482/19</subfield>
    <subfield code="r">2021-12-20 00:00:00</subfield>
    <subfield code="t">1</subfield>
    <subfield code="w">2021-12-20</subfield>
    <subfield code="y">BK</subfield>
  </datafield>
  <datafield tag="952" ind1=" " ind2=" ">
    <subfield code="0">0</subfield>
    <subfield code="1">0</subfield>
    <subfield code="2">lcc</subfield>
    <subfield code="4">0</subfield>
    <subfield code="7">0</subfield>
    <subfield code="a">WIUC-KL</subfield>
    <subfield code="b">WIUC-KL</subfield>
    <subfield code="c">GEN</subfield>
    <subfield code="d">2019-11-07</subfield>
    <subfield code="l">0</subfield>
    <subfield code="o">HF5415.123.S541(9e)</subfield>
    <subfield code="p">K/1483/1483/19</subfield>
    <subfield code="r">2021-12-20 00:00:00</subfield>
    <subfield code="t">2</subfield>
    <subfield code="w">2021-12-20</subfield>
    <subfield code="y">BK</subfield>
  </datafield>
  <datafield tag="952" ind1=" " ind2=" ">
    <subfield code="0">0</subfield>
    <subfield code="1">0</subfield>
    <subfield code="2">lcc</subfield>
    <subfield code="4">0</subfield>
    <subfield code="7">0</subfield>
    <subfield code="a">WIUC-KL</subfield>
    <subfield code="b">WIUC-KL</subfield>
    <subfield code="c">GEN</subfield>
    <subfield code="d">2019-11-11</subfield>
    <subfield code="l">0</subfield>
    <subfield code="o">HF5415.123.S542(9e)</subfield>
    <subfield code="p">K/2033/2033/19</subfield>
    <subfield code="r">2021-12-20 00:00:00</subfield>
    <subfield code="t">3</subfield>
    <subfield code="w">2021-12-20</subfield>
    <subfield code="y">BK</subfield>
  </datafield>
  <datafield tag="952" ind1=" " ind2=" ">
    <subfield code="0">0</subfield>
    <subfield code="1">0</subfield>
    <subfield code="2">lcc</subfield>
    <subfield code="4">0</subfield>
    <subfield code="7">0</subfield>
    <subfield code="a">WIUC-KL</subfield>
    <subfield code="b">WIUC-KL</subfield>
    <subfield code="c">GEN</subfield>
    <subfield code="d">2019-11-11</subfield>
    <subfield code="l">0</subfield>
    <subfield code="o">HF5415.123.S543(9e)</subfield>
    <subfield code="p">K/2034/2034/19</subfield>
    <subfield code="r">2021-12-20 00:00:00</subfield>
    <subfield code="t">4</subfield>
    <subfield code="w">2021-12-20</subfield>
    <subfield code="y">BK</subfield>
  </datafield>
</record>
